000 00669nam a2200205Ii 4500
003 JO-AjNU
008 230605s9999||||xx |||||||||||||| ||und||
040 _aJO-AjNU
_bara
_erda
_cJO-AjNU
041 _aara
050 1 4 _aGV511.H3764 1988
100 3 _aعبد الجواد، حسن,
_eauthor
_910000
245 0 0 _aألعاب القوى: سباقات الجري
250 _aط1
264 3 1 _aبيروت: دار العلم للملايين، 1988
300 _a272ص
_bصور توضيحية
336 _atext
_btxt
_2rdacontent
337 _aunmediated
_bn
_2rdamedia
338 _avolume
_bnc
_2rdacarrier
650 4 _aالعاب القوى - السباقات
_910001
999 _aA1586
_c5154
_d5154